| 000 | 02032nam a2200433 i 4500 | ||
|---|---|---|---|
| 001 | 195730 | ||
| 003 | SpMaBN | ||
| 005 | 20250928123436.0 | ||
| 008 | 241215s2015 sp | |||| 001 0 spa | ||
| 017 |
_aM 35078-2015 _bOficina Depósito Legal Madrid |
||
| 020 | _a9788430967100 | ||
| 035 | _a(OCoLC)937772649 | ||
| 035 | _aa5738111 | ||
| 040 |
_aSpMaBN _bspa _cSpMaBN _erdc _dES-MaACL |
||
| 080 | _a342.53.047(410) | ||
| 080 | _a342.4(410) | ||
| 100 |
_aPark, John James, _d1795-1833 _0XX1380551 _9237401 _eaut |
||
| 245 | 1 | 4 |
_aLos dogmas de la Constitución / _cJohn James Park ; edición y estudio preliminar de Joaquín Varela Suanzes-Carpegna ; traducción del inglés y epílogo de Ignacio Fernández Sarasola |
| 260 |
_aMadrid : _bTecnos, _cD.L. 2015. |
||
| 300 |
_aLXXXII, 229 p. : _c20 cm. |
||
| 336 |
_aTexto (visual) _2isbdcontent |
||
| 337 |
_asin mediación _2isbdmedia |
||
| 338 |
_2rdacarrier _avolumen |
||
| 490 | 1 |
_aClásicos del pensamiento ; _v141. |
|
| 504 | _aIncluye referencias bibliográficas e índice. | ||
| 534 | _tTraducción de: The dogmas of the Constitution. Four lectures, being the first, tenth, eleventh and thirteenth of a course on the theory and practice of the Constitution. | ||
| 594 | _aTítulo original: The dogmas of the Constitution | ||
| 610 | 0 |
_aGran Bretaña. _bParliament _xReforma _9237402 |
|
| 650 | 7 |
_aDerecho constitucional- _zGran Bretaña _9151893 |
|
| 700 |
_aVarela Suanzes-Carpegna, Joaquín, _d1954-2018 _epbl _9237403 |
||
| 700 | 1 |
_aFernández Sarasola, Ignacio _950084 _etrl |
|
| 830 |
_aClásicos del pensamiento ; _n141 _9239376 |
||
| 852 |
_aES-MaACL _cDEPOJ _jN-8736 _gContine anotaciones manuscritas de autor desconocido al principio de la obra _hDonación: Editorial _xEncuadernación rústica _9204490 |
||
| 942 |
_cMONOGRAFIA _n0 |
||
| 954 | _iTatiana Alejandra de Castro Pérez | ||
| 999 |
_c195730 _d195730 |
||